Normal view
MARC view
- Computer managed instruction
Entry Topical Term
001 - CONTROL NUMBER
- control field: 94217
003 - CONTROL NUMBER IDENTIFIER
- control field: NUST
005 - DATE AND TIME OF LATEST TRANSACTION
- control field: 20220721092108.0
008 - FIXED-LENGTH DATA ELEMENTS
- fixed length control field: 220721|| aca||aabn | a|a d
040 ## - CATALOGING SOURCE
- Original cataloging agency: NUST
- Transcribing agency: NUST
150 ## - HEADING--TOPICAL TERM
- Topical term or geographic name entry element: Computer managed instruction
670 ## - SOURCE DATA FOUND
- Source citation: Work cat.: (NUST)179485: Drumm, David, 94216, The computer in training and development / , c1985.
